000 00416nam a22001457a 4500
005 20260119121638.0
008 260119b |||||||| |||| 00| 0 eng d
020 _a9788120339040
100 _aTanenbaum S. Andrew
245 _aModern Operating System
_c/Andrew S. Tanenbaum
250 _a3rd ed
260 _aNew Delhi;
_b PHI Learning Private Limited;
_cc2008.
300 _axxiv; 1076p.:
_c23.5cm
942 _2ddc
_cBK
_n0
999 _c129
_d129